000 00338 a2200109 4500
001 ART_3596
005 20260410161716.0
008 260409a
245 1 0 _aSobre la interpretación de la cuenta corriente
100 1 _aHeymann, Daniel
773 0 _tDesarrollo económico
_g- Vol. 34, Nº 135 (oct./dic. 1994)
_wREV1174
999 _c16540
_d16540